Cumhuriyet dönemi Kilisli şairler antolojisi. (Record no. 74906)
[ view plain ]
| 000 -LEADER | |
|---|---|
| fixed length control field | 00923 a2200313 4500 |
| 001 - CONTROL NUMBER | |
| control field | 74906 |
| 003 - CONTROL NUMBER IDENTIFIER | |
| control field | TR-AnTOB |
| 005 - DATE AND TIME OF LATEST TRANSACTION | |
| control field | 20240524144723.0 |
| 008 - FIXED-LENGTH DATA ELEMENTS--GENERAL INFORMATION | |
| fixed length control field | 110812s1994 tu 000 0 |
| 040 ## - CATALOGING SOURCE | |
| Original cataloging agency | TR-AnTOB |
| Transcribing agency | TR-AnTOB |
| 041 ## - LANGUAGE CODE | |
| Language code of text/sound track or separate title | Türkçe |
| 050 14 - LIBRARY OF CONGRESS CALL NUMBER | |
| Classification number | PL235.K55. |
| Item number | S33 1994 |
| 090 ## - LOCALLY ASSIGNED LC-TYPE CALL NUMBER (OCLC); LOCAL CALL NUMBER (RLIN) | |
| Classification number (OCLC) (R) ; Classification number, CALL (RLIN) (NR) | PL235.K55.S33 1994 |
| 100 1# - MAIN ENTRY--PERSONAL NAME | |
| Personal name | Şahmaranoğlu, Hasan |
| 9 (RLIN) | 54983 |
| 245 #0 - TITLE STATEMENT | |
| Title | Cumhuriyet dönemi Kilisli şairler antolojisi. |
| 264 #1 - PRODUCTION, PUBLICATION, DISTRIBUTION, MANUFACTURE, AND COPYRIGHT NOTICE | |
| Place of production, publication, distribution, manufacture | Ankara : |
| Name of producer, publisher, distributor, manufacturer | Kilis Kültür Derneği, |
| Date of production, publication, distribution, manufacture, or copyright notice | 1994ç |
| 300 ## - PHYSICAL DESCRIPTION | |
| Extent | 287 p.: |
| Dimensions | 19 cm |
| 336 ## - CONTENT TYPE | |
| Source | rdacontent |
| Content type term | text |
| Content type code | txt |
| 337 ## - MEDIA TYPE | |
| Source | rdamedia |
| Media type term | unmediated |
| Media type code | n |
| 338 ## - CARRIER TYPE | |
| Source | rdacarrier |
| Carrier type term | volume |
| Carrier type code | nc |
| 490 0# - SERIES STATEMENT | |
| Series statement | Kilis Kültür Derneği Yayınları ; |
| Volume/sequential designation | 11 |
| 590 ## - LOCAL NOTE (RLIN) | |
| Local note | Sayın Celil Güngör tarafından bağışlanmıştır. |
| 650 #0 - SUBJECT ADDED ENTRY--TOPICAL TERM | |
| Topical term or geographic name entry element | Türk şiiri |
| Geographic subdivision | Türkiye |
| -- | Kilis |
| 9 (RLIN) | 54984 |
| 902 ## - LOCAL DATA ELEMENT B, LDB (RLIN) | |
| a | 0028409 |
| 903 ## - LOCAL DATA ELEMENT C, LDC (RLIN) | |
| a | Merkez Kütüphanesi |
| 942 ## - ADDED ENTRY ELEMENTS (KOHA) | |
| Koha item type | Book |
| Source of classification or shelving scheme | Library of Congress Classification |
| 945 ## - LOCAL PROCESSING INFORMATION (OCLC) | |
| a | ZŞ |
| Withdrawn status | Lost status | Source of classification or shelving scheme | Not for loan | Collection code | Home library | Current library | Shelving location | Date acquired | Source of acquisition | Inventory number | Total Checkouts | Total Holds | Full call number | Barcode | Copy number | Date shelved | Koha item type |
|---|---|---|---|---|---|---|---|---|---|---|---|---|---|---|---|---|---|
| Library of Congress Classification | Ödünç Verilebilir / Available | Genel Koleksiyon | Merkez Kütüphane | Merkez Kütüphane | Genel Koleksiyon / Main Collection | 14/12/2009 | Bağış / Donation | TDE | PL235.K55 S33 1994 | 0028409 | 1 | 21/04/2010 | Book |
